Leader xxxxxxxxxx
001 __ PCLIS00031614
005 __ 20220407101010.0
010 0_ |a957-32-2917-X|b一套 : 平裝|dNT$1000
010 0_ |a957-32-2918-8|b第一冊 : 平裝|dNT$250
010 0_ |a957-32-2919-6|b第二冊 : 平裝|dNT$250
010 0_ |a957-32-2920-X|b第三冊 : 平裝|dNT$250
010 0_ |a957-32-2921-8|b第四冊 : 平裝|dNT$250
100 __ |a20011015d1996 m y0chiy09 e
101 0_ |achi
102 __ |atw
105 __ |aaf z 000ay
200 1_ |a神鵰俠侶|dThe giant eagle and its companion|zeng|f金庸著
205 __ |a三版
210 __ |a臺北市|c遠流|d1996[民85]
215 0_ |a4冊(1662面, 圖版[64]面)|c部分彩圖|d21公分
225 2_ |a金庸作品集|v9-12
260 1_ |a2000
300 __ |a本館最新館藏為2014年39刷
410 _0 |12001 |a金庸作品集|v9-12
510 1_ |aThe giant eagle and its companion|zeng
517 1_ |a神雕俠侶|zchi
606 __ |2cst|a武俠小說
681 __ |a857.9|b864
681 __ |a857.9|b8640
681 __ |a857.9|b8640 89
681 __ |a857.9|b8640 88
681 __ |a857.9|b8000
681 __ |a857.9|b8000-3|y89
700 _0 |a金庸|f1924-2018|4著
801 _0 |atw|b內湖高中|c20041124|gCCR
801 _1 |atw|b內湖高中|c20121119|gCCR
801 _2 |atw|b內湖高中|c20220407|gCCR
|